| 000 | 01028nam a2200205 a 4500 | ||
|---|---|---|---|
| 001 | 1185320 | ||
| 003 | AM-YEHGA | ||
| 005 | 20251029110314.0 | ||
| 008 | 170623s1902 ru ||||gr|||| 000|0 rus d | ||
| 040 | _aAM-YEHGA | ||
| 041 | 0 | _arus | |
| 100 | 1 |
_aДживелегов, Алексей Карпович, _d1875-1952 |
|
| 245 | 1 | 0 |
_aСредневековые города в Западной Европе / _cА.К. Дживелегов. |
| 260 |
_aСанкт-Петербург : _bБрокгауз-Ефрон, _c1902. |
||
| 300 |
_a[4], 6, 248 с. ; _c25 см. |
||
| 440 | 0 | _aИстория Европы по эпохам и странам в средние века и новое время | |
| 504 | _aБиблиогр.: "Основная литература по истории средневековых городов" (с. 242-248) | ||
| 650 | 1 | 4 |
_aВсемирная история _yСредние века _zЗападная Европа _xСоциально-экономический строй |
| 942 |
_2udc _cBK |
||
| 999 |
_c522074 _d522074 |
||